000 00435cam a22001337a 4500
008 180718b1995 xxu||||| |||| 00| 0 eng d
020 _a0415138213
082 _aF5053x5 L532 (R)
100 _aLeifer, Michael
245 _aDictionary of the modern politics of South-East Asia
_cby Michael Leifer
260 _aLondon
_bRoutledge
_c1995
300 _a289p.
650 _aAsia, Southeastern - Politics and government - 1945- - Dictionaries
999 _c391711
_d391711